| 000 | 00802nam a2200205 u 4500 | ||
|---|---|---|---|
| 001 | 000002922 | ||
| 005 | 20250314113209.0 | ||
| 008 | 090706s1999 dr r 000 0 spa d | ||
| 040 |
_aDO-SdBNP _bspa _cBNPHU |
||
| 082 |
_a363.7 _bR426p |
||
| 110 | 1 |
_aRepública Dominicana _bPresidencia de la República _bComisión Coordinadora, Sector Recursos Narutales y Medio Ambiente _99274 |
|
| 245 | 1 | 0 |
_aProyecto de ley general sobre medio ambiente y recursos naturales : _bDecreto 152.98. |
| 260 |
_aSanto Domingo : _bCOSERENAMA, _c1999. |
||
| 300 |
_a101 p. ; _c23 cm. |
||
| 490 | 1 |
_aDocumentos de la reforma _v2 |
|
| 500 | _aIncluye índice | ||
| 650 | 4 |
_aControl ambiental _zRepública Dominicana _99275 |
|
| 650 | 0 |
_aConservación de los recursos naturales _91562 |
|
| 830 | 0 |
_aDocumentos de la reforma _n2 _99276 |
|
| 999 |
_c2755 _d2755 |
||